000 00407 a2200169 4500
001 191231
020 _a85-06-02857-4
040 _cMagnum
100 _aVilela, Antonio Carlos
240 1 0 _aMais coisas que toda garota deve saber
_lpor
245 1 0 _aMais coisas que toda garota deve saber
300 _a95
362 0 _a1998
440 1 _aMelhoramentos
697 _aLITERATURA JUVENIL
942 _cBK
999 _c191231
_d191231